书目信息 |
| 题名: |
消化系统常见病防治260问
|
|
| 作者: | 梁浩 , 王永华 , 陈玲玲 , 牟善坤 编著 | |
| 分册: | ||
| 出版信息: | 北京 金盾出版社 1991.12 |
|
| 页数: | 210页 | |
| 开本: | 19cm | |
| 丛书名: | ||
| 单 册: | ||
| 中图分类: | R57-49 | |
| 科图分类: | ||
| 主题词: | 消化系统疾病--普及读物 , 腹腔疾病--普及读物 | |
| 电子资源: | ||
| ISBN: | 7-80022-390-6 | |
| 000 | 00762nam0 2200265 45 | |
| 001 | 0192009268 | |
| 005 | 20041118104429.5 | |
| 010 | @a7-80022-390-6@dCNY2.70 | |
| 020 | @aCN@b92009268 | |
| 100 | @a19920818d1991 em y0chiy0121 ea | |
| 101 | 0 | @achi |
| 102 | @aCN@b110000 | |
| 105 | @af z 000yy | |
| 200 | 10 | @a消化系统常见病防治260问@Axiao hua xi tong chang jian bing fang zhi 260wen@f梁 浩等编著@Fliang hao deng bian zhu |
| 210 | @a北京@c金盾出版社@d1991.12 | |
| 215 | @a210页@d19cm | |
| 606 | 0 | @a消化系统疾病@x普及读物 |
| 606 | 0 | @a腹腔疾病@x普及读物 |
| 690 | @aR57-49@v3 | |
| 701 | 0 | @a梁浩@4编著 |
| 701 | 0 | @a王永华@4编著 |
| 701 | 0 | @a陈玲玲@4编著 |
| 701 | 0 | @a牟善坤@4编著 |
| 801 | 0 | @aCN@bNLC@c19920818 |
| 905 | @dR57-49@e44@f1@b248474 | |
| 消化系统常见病防治260问/梁 浩等编著.-北京:金盾出版社,1991.12 |
| 210页;19cm |
| ISBN 7-80022-390-6:CNY2.70 |
| ● |
| 相关链接 |
|
|
|
|
正题名:消化系统常见病防治260问
索取号:R57-49/44
 
预约/预借
| 序号 | 登录号 | 条形码 | 馆藏地/架位号 | 状态 | 备注 |
| 1 | 0248474 | 000712857 | 第三借阅区/ [索取号:R57-49/44] | 在馆 | |
| 2 | 0248475 | 000712919 | 第三借阅区/ [索取号:R57-49/44] | 在馆 | |
| 3 | 0248476 | 000712875 | 第三借阅区/ [索取号:R57-49/44] | 在馆 | |
| 4 | 0248477 | 000712900 | 第三借阅区/ [索取号:R57-49/44] | 在馆 | |
| 5 | 0248478 | 000712884 | 第二样本阅览室/ [索取号:R57-49/44] | 在馆 |